000 00662nam a2200277Ia 4500
005 20260324115946.0
008 008 260324s9999 xx 000 0 eng d
020 _a9781315797182
037 _aEBOOK
040 _aCRL
040 _beng
040 _cCRL
041 _2eng
041 _aeng
084 _qCRL
100 _aShuang Ren; Robert Wood; Ying Zhu
_91156670
245 0 _aBusiness Leadership Development in China
260 _bTaylor and Francis
260 _c2015
365 _a
365 _b255
856 _uhttp://www.taylorfrancis.com/books/9781315797182
942 _cEBOOK
999 _c1747933
_d1747933